000 004230000a22001570004500
090 _aAR
_b00204
100 1 _aKlemmer, Konrad
_993050
245 1 0 _aÜber die Avicennia-viper Cerastes vipera
650 1 4 _aReptiles
_992767
650 1 4 _aFauna
_992594
650 1 4 _aSerpientes
_993033
653 _gCerastes
_eCerastes vipera
041 0 _aAlemán
942 _cARTICULO
773 1 _tNatur and Museum
_396
_h10
_q454-459
_d1970
_g100
999 _c9304
_d9304